000 00691nam a2200181Ia 4500
001 19607
003 GE_BSU
008 181216s||||||||xx |||||||||||||| ||und||
040 _cGE_BSU
245 _aეკონომიკა №7-8. 2016. მეცნიერება. პრაქტიკა. გამოცდილება
245 _cმთ.რედ:რ.შენგელია.
260 _aთბილისი
260 _c2016
300 _a287გვ. 20სმ.
653 _aეკონომიკა. №7-8. 2016. მეცნიერება. პრაქტიკა. გამოცდილება
653 _aპერიოდიკა
942 _cCR
999 _c52583
_d52583